| 000 | 00396nam a2200145Ia 4500 | ||
|---|---|---|---|
| 008 | 260223s2024 xx 000 0 und d | ||
| 020 | _a9789390619726 | ||
| 041 | _aeng | ||
| 082 | _a610.73072/ELE | ||
| 100 | _aKumari Eleena | ||
| 245 |
_aMental Health Nursing (GNM Nursing Student) _bPsychiatric |
||
| 260 |
_aNew Delhi _bCBS,Pub. _c2024 |
||
| 300 | _a437P | ||
| 650 | _aMental Health Nursing | ||
| 999 |
_c1216349 _d1216349 |
||